000 00494nam a2200181Ia 4500
001 16985
005 20260306170351.0
008 260306t2012||||xx |||||||||||||| ||und||
041 _aESP
082 _a657.42
_bC36
100 _aRojas Cataño, María de Lourdes
_eAUT
245 0 _aContabilidad de costos en industrias de transformación:
_bmanual teórico-práctico
260 _c2012
300 _a283 páginas :
_c27 cm.
650 _aGEN
654 _aCCO
942 _cLIB
_dJUS
_fJUS
_2ddc
_n
999 _c16985
_d16985